| 000 | 00560nam a2200205 i 4500 | ||
|---|---|---|---|
| 001 | bg | ||
| 100 | 1 | _aPLANOVSKIJ, A. N. | |
| 245 | 0 |
_aProcesy i aparaty w technologii chemicznej / _cA.N. Płanowski, V.M. Ramm, Solomen Kagan. |
|
| 260 |
_aWarszawa : _bWNT, _c1974. |
||
| 490 | 1 | _aInżynieria Chemiczna | |
| 650 | 9 | _aTechnologia chemiczna | |
| 700 | 1 | _aRAMM, V. M. | |
| 700 | 1 | _aKAGAN, Solomen | |
| 830 | _aInżynieria Chemiczna | ||
| 040 | _cBPK | ||
| 041 | _apol | ||
| 080 | _a66.01/.09 | ||
| 942 | _cKS | ||
| 008 | s pl f |000 0 pol | ||
| 999 |
_c26327 _d26327 |
||
| 856 |
_uhttp://koha.tu.koszalin.pl/cgi-bin/koha/opac-detail.pl?biblionumber=26327 _yKatalog online BPK |
||